| 000 | 00546nam a2200193 a 4500 | ||
|---|---|---|---|
| 001 | 1771568783908 | ||
| 003 | YourLibrary | ||
| 005 | 20260220115752.0 | ||
| 008 | 260220s2008##################000#0#eng## | ||
| 020 | _a9789041126665 | ||
| 082 | 0 | 4 |
_a336.243 _bLAN |
| 100 | 1 |
_aLang, Michael, _eauthor. |
|
| 245 | 1 | 0 | _aTax Compliance Costs for Companies in an Enlarged European Community : |
| 260 |
_bKluwer Law International B.V., _c2008. |
||
| 300 | _a524 pages | ||
| 650 | 0 | _aLaw. | |
| 942 | _cENGLISH | ||
| 040 |
_aYourLibrary _beng _cYourLibrary |
||
| 999 |
_c614203 _d614203 |
||